000 00491npc a2200205Ia 4500
001 dg2-332 [d000000230]
003 IT-MiCISF
008 161014s9999||||xx | und||
040 _aIT-MiCISF
_cIT-MiCISF
041 _ait
100 _aMakno
245 0 _aIndagine sui giovanissimi
250 _a1a ed.
260 _aMilano
_c1983
300 _ap. 78
500 _a / giovani, valori, sessualità /
650 _aetà-evolutiva
942 _cDD
957 _71
999 _a332
_bsi
_g1
_c207716
_d207716